000
00434nam a2200169Ia 4500
008
090711s9999 xx 000 0 und d
082
_b
52552
100
_a
वगळ अरुण
245
_a
बिल्डर्स
260
_c
1986
300
_a
252
600
_a
वगळ अरुण
630
_a
बिल्डर्स
700
_a
वगळ अरुण
730
_a
बिल्डर्स
942
_c
BOOK
999
_c
301953
_d
301953